| 000 | 00538nam a2200169 4500 | ||
|---|---|---|---|
| 001 | 113040 | ||
| 003 | ES-MaACL | ||
| 005 | 20230906185731.0 | ||
| 007 | t| | ||
| 008 | 061121s1985 sp r ||||1| spa d | ||
| 100 | 1 |
_aNúñez, Estuardo. _986148 |
|
| 245 | 1 | 0 |
_aEspaña vista por viajeros hispanoamericanos / _cEstuardo Núñez. |
| 260 |
_aMadrid : _bInstituto de Cooperación Iberoamericana, _c1985. |
||
| 300 |
_a503 p. ; _c21 cm. |
||
| 710 | 2 |
_aInstituto de Cooperación Iberoamericana. _94848 |
|
| 852 |
_aES-MaACL _jL-8565 _bR.109043 |
||
| 999 |
_c113040 _d113040 |
||